Tome of the undergates (Record no. 421351)

MARC details
000 -LEADER
fixed length control field 00495nam a2200193Ia 4500
008 - FIXED-LENGTH DATA ELEMENTS--GENERAL INFORMATION
fixed length control field 191130s2010##################000#0#eng##
020 ## - INTERNATIONAL STANDARD BOOK NUMBER
ISBN 9781616142421
082 ## - DEWEY DECIMAL CLASSIFICATION NUMBER
Classification number 813.6 SYK
100 ## - MAIN ENTRY--AUTHOR NAME
Personal name Sykes, Sam
245 ## - TITLE STATEMENT
Title Tome of the undergates
Statement of responsibility, etc by Sam Sykes
260 ## - PUBLICATION, DISTRIBUTION, ETC. (IMPRINT)
Place of publication Amherst, NY
Name of publisher Pyr
Year of publication 2010
300 ## - PHYSICAL DESCRIPTION
Number of Pages 487 p. ; 23 cm
650 ## - SUBJECT ADDED ENTRY--TOPICAL TERM
Topical Term Fantasy fiction
991 ## -
-- 370963

No items available.

Find us on the map